000 00233 a2200109 4500
020 _a9780822562443
041 _aspa
100 _aLessem,Don
245 _aGigantes Marinos de la Epoca de los Dinosaurios
942 _cBK
952 _74
999 _c19620
_d19620